000 00831nam a2200265 i 4500
003 DO-SdBNP
005 20251003090412.0
007 ta
008 211126b2017 ||||e |||| 001 0 spa d
020 _a21212222121121
040 _aDO-SdBNP
_bspa
_cBNPHU
_erda
041 _aspa
082 4 _a343.0946
_bR426m 2017
_222
110 1 0 _aRepública Dominicana.
_bMinisterio de Obras Públicas y Comunicaciones
_978744
245 1 0 _aManual de conducción y seguridad vial de la República Dominicana
250 _aCuarta edición
264 1 _aSanto Domingo :
_bINTRANT,
_c2017.
300 _a163 paginas :
_bilustraciones ;
_c21 cm.
336 _atexto
_btxt
_2rdacontent
337 _asin mediación
_bn
_2rdamedia
338 _avolumen
_bnc
_2rdacarrier
590 _aInventariado. 2023 / DG
910 _aDG
942 _2ddc
_cLBS1
999 _c55050
_d55050